[Event "14. Obert Int. Sant Marti 2012"]
[Site "Barcelona ESP"]
[Date "2012.07.21"]
[Round "9.15"]
[White "Garriga Cazorla, Pere"]
[Black "Lopez Martinez, Josep Manuel"]
[Result "0-1"]
[WhiteElo "2056"]
[BlackElo "2509"]
[PlyCount "92"]
[EventDate "2012.07.13"]
[EventType "swiss"]
[EventRounds "9"]
[EventCountry "ESP"]
[SourceTitle "Ajedrez en Madrid"]
[Source "lmi"]
[SourceDate "2012.07.13"]
[SourceVersion "1"]
[SourceVersionDate "2019.06.21"]
[SourceQuality "1"]

1. Nf3 e6 2. c4 f5 3. g3 b6 4. Bg2 Bb7 5. Nc3 Bb4 6. Qc2 Nf6 7. O-O O-O 8. d3
Bxc3 9. Qxc3 Qe7 10. Bg5 d6 11. b4 Nbd7 12. Nd4 Bxg2 13. Kxg2 Qe8 14. a4 c5 15.
Nb5 Qc8 16. Kg1 Qc6 17. bxc5 Nxc5 18. a5 bxa5 19. Rxa5 a6 20. Nd4 Qb6 21. Raa1
Ng4 22. Rab1 Qc7 23. f3 Ne5 24. Be3 Ned7 25. Nc2 e5 26. Nb4 Ne6 27. Nd5 Qd8 28.
f4 Kh8 29. Qa3 exf4 30. Qxd6 fxg3 31. hxg3 Qe8 32. Rf3 Rd8 33. Kg2 Nf6 34. Qxa6
Nxd5 35. cxd5 Rxd5 36. Qc4 Re5 37. Rh1 Ng5 38. Bxg5 Rxe2+ 39. Kg1 f4 40. Qc5
Qa8 41. gxf4 Re1+ 42. Kg2 Rxh1 43. Qxf8+ Qxf8 44. Kxh1 h6 45. Bh4 g5 46. Bg3
Qa8 0-1

[Event "14. Obert Int. Sant Marti 2012"]
[Site "Barcelona ESP"]
[Date "2012.07.21"]
[Round "9.16"]
[White "Asis Gargatagli, Hipolito"]
[Black "Uribe Arteaga, Daniel"]
[Result "1-0"]
[WhiteElo "2482"]
[BlackElo "2272"]
[PlyCount "77"]
[EventDate "2012.07.13"]
[EventType "swiss"]
[EventRounds "9"]
[EventCountry "ESP"]
[SourceTitle "Ajedrez en Madrid"]
[Source "lmi"]
[SourceDate "2012.07.13"]
[SourceVersion "1"]
[SourceVersionDate "2019.06.21"]
[SourceQuality "1"]

1. e4 g6 2. d4 Bg7 3. Nc3 c6 4. Be3 d6 5. h3 Nd7 6. f4 b5 7. Bd3 b4 8. Na4 Ngf6
9. Nf3 O-O 10. O-O Qc7 11. c4 bxc3 12. Nxc3 e5 13. dxe5 dxe5 14. f5 gxf5 15.
exf5 Nd5 16. Nxd5 cxd5 17. Rc1 Qa5 18. f6 Nxf6 19. Nxe5 Ne4 20. Rxf7 Rxf7 21.
Nxf7 Be6 22. Ng5 Nxg5 23. Bxg5 Qb6+ 24. Kh1 h6 25. Bd2 Rf8 26. Qh5 Rf6 27. Qe8+
Bf8 28. Re1 Bf7 29. Qe5 Qd6 30. Qd4 Bg7 31. Qxa7 Qg3 32. Re3 Qf2 33. Qb8+ Bf8
34. Rg3+ Bg6 35. Bxh6 Kh7 36. Bxf8 Bxd3 37. Bg7 Qe1+ 38. Kh2 Qxg3+ 39. Qxg3 1-0

[Event "14. Obert Int. Sant Marti 2012"]
[Site "Barcelona ESP"]
[Date "2012.07.21"]
[Round "9.17"]
[White "Umudova, Nargiz"]
[Black "Cruz, Filemon"]
[Result "1/2-1/2"]
[WhiteElo "2210"]
[BlackElo "2404"]
[PlyCount "63"]
[EventDate "2012.07.13"]
[EventType "swiss"]
[EventRounds "9"]
[EventCountry "ESP"]
[SourceTitle "Ajedrez en Madrid"]
[Source "lmi"]
[SourceDate "2012.07.13"]
[SourceVersion "1"]
[SourceVersionDate "2019.06.21"]
[SourceQuality "1"]

1. e4 c5 2. Nf3 d6 3. d4 cxd4 4. Nxd4 Nf6 5. Nc3 a6 6. Be2 e5 7. Nb3 Be7 8. O-O
O-O 9. Kh1 Qc7 10. f4 b5 11. f5 Bb7 12. Nd5 Bxd5 13. exd5 Nbd7 14. a4 b4 15.
Be3 Rfc8 16. Rc1 Nb6 17. Bxb6 Qxb6 18. Qd3 Nd7 19. c4 bxc3 20. Rxc3 Rxc3 21.
Qxc3 Rb8 22. Na5 Qxb2 23. Qxb2 Rxb2 24. Bxa6 Nc5 25. Bb5 h5 26. Kg1 Ne4 27. Bd3
Nc5 28. Bb5 Kf8 29. Rf2 Rb4 30. Nc6 Rb3 31. Rf3 Rb2 32. Rf2 1/2-1/2

[Event "14. Obert Int. Sant Marti 2012"]
[Site "Barcelona ESP"]
[Date "2012.07.21"]
[Round "9.18"]
[White "Perpinya Rofes, Lluis Maria"]
[Black "Ryan, Joseph"]
[Result "1-0"]
[WhiteElo "2401"]
[BlackElo "2300"]
[PlyCount "85"]
[EventDate "2012.07.13"]
[EventType "swiss"]
[EventRounds "9"]
[EventCountry "ESP"]
[SourceTitle "Ajedrez en Madrid"]
[Source "lmi"]
[SourceDate "2012.07.13"]
[SourceVersion "1"]
[SourceVersionDate "2019.06.21"]
[SourceQuality "1"]

1. e4 c6 2. d4 d5 3. e5 Bf5 4. Nf3 e6 5. Be2 Nd7 6. O-O h6 7. Nbd2 Ne7 8. Nb3
Nc8 9. a4 Be7 10. a5 a6 11. Be3 O-O 12. Qd2 Re8 13. h3 Bh7 14. Nh2 Bf8 15. f4
f6 16. Bh5 Re7 17. Bf2 g6 18. Be2 Rf7 19. exf6 Nxf6 20. Bh4 Be7 21. Bxf6 Bxf6
22. Bg4 Re7 23. Rae1 Nd6 24. Bxe6+ Kg7 25. Ng4 Re8 26. f5 Bg5 27. f6+ Kh8 28.
Qf2 Ne4 29. Rxe4 dxe4 30. Ne5 Rf8 31. Nd7 e3 32. Qe1 Rxf6 33. Nxf6 Bxf6 34.
Qxe3 Qe7 35. Nc5 Rd8 36. c3 Kg7 37. Qf3 g5 38. Ba2 Rd6 39. Qg4 Bg8 40. Bxg8
Kxg8 41. Qc8+ Kg7 42. Qxb7 Qxb7 43. Nxb7 1-0

[Event "14. Obert Int. Sant Marti 2012"]
[Site "Barcelona ESP"]
[Date "2012.07.21"]
[Round "9.19"]
[White "Grafl, Florian"]
[Black "Capellades Subirana, Marc"]
[Result "1-0"]
[WhiteElo "2387"]
[BlackElo "2233"]
[PlyCount "149"]
[EventDate "2012.07.13"]
[EventType "swiss"]
[EventRounds "9"]
[EventCountry "ESP"]
[SourceTitle "Ajedrez en Madrid"]
[Source "lmi"]
[SourceDate "2012.07.13"]
[SourceVersion "1"]
[SourceVersionDate "2019.06.21"]
[SourceQuality "1"]

1. e4 e5 2. d4 exd4 3. Qxd4 Nc6 4. Qa4 Bc5 5. Nc3 d6 6. Nf3 Bd7 7. Qc4 Nge7 8.
Bg5 f6 9. Bh4 Bb4 10. O-O-O Bxc3 11. Qxc3 O-O 12. Bc4+ Kh8 13. Nd4 Nxd4 14.
Qxd4 Nc6 15. Qd2 Qe8 16. Bd5 Ne7 17. Bxb7 Rb8 18. Bd5 Nxd5 19. exd5 Bf5 20. b3
a5 21. f3 a4 22. Rhe1 Qb5 23. g4 Bg6 24. f4 Qc5 25. Kb2 axb3 26. axb3 Rfe8 27.
f5 Bf7 28. Rxe8+ Rxe8 29. Bf2 Qb5 30. c4 Qb7 31. Bd4 c6 32. dxc6 Qxc6 33. Bc3
Qb7 34. Qd3 Qg2+ 35. Qc2 Re2 36. Rd2 Rxd2 37. Qxd2 Qxg4 38. Qxd6 Qxf5 39. Qd8+
Bg8 40. Qd6 Qf2+ 41. Ka3 Qa7+ 42. Kb2 Qf2+ 43. Qd2 Qa7 44. Bd4 Qb7 45. Kc3 Qa6
46. Qf2 Qa5+ 47. Kb2 Qa6 48. Bc3 Qd6 49. h4 Qe6 50. Qd4 Bf7 51. Bb4 Qe2+ 52.
Ka3 Qe6 53. Qd8+ Qe8 54. Qxe8+ Bxe8 55. Bc3 Kg8 56. b4 Kf7 57. b5 g5 58. hxg5
fxg5 59. Kb4 Ke6 60. Kc5 Kd7 61. Kb6 Kc8 62. c5 h5 63. c6 Bg6 64. Kc5 Bd3 65.
Be5 h4 66. b6 Ba6 67. Kb4 g4 68. Ka5 Bb7 69. cxb7+ Kxb7 70. Kb5 g3 71. Kc5 g2
72. Bh2 h3 73. Kb5 Ka8 74. Ka6 g1=Q 75. b7# 1-0

[Event "14. Obert Int. Sant Marti 2012"]
[Site "Barcelona ESP"]
[Date "2012.07.21"]
[Round "9.20"]
[White "Mamedjarova, Turkan"]
[Black "Prasanna, Raghuram Rao"]
[Result "0-1"]
[WhiteElo "2259"]
[BlackElo "2428"]
[PlyCount "76"]
[EventDate "2012.07.13"]
[EventType "swiss"]
[EventRounds "9"]
[EventCountry "ESP"]
[SourceTitle "Ajedrez en Madrid"]
[Source "lmi"]
[SourceDate "2012.07.13"]
[SourceVersion "1"]
[SourceVersionDate "2019.06.21"]
[SourceQuality "1"]

1. e4 e5 2. Nf3 Nc6 3. Nc3 Nf6 4. d4 exd4 5. Nxd4 Bb4 6. Nxc6 bxc6 7. Bd3 d6 8.
O-O h6 9. Qf3 O-O 10. e5 dxe5 11. Qxc6 Rb8 12. Ne4 Nd5 13. Ng3 Be6 14. a3 Be7
15. Nf5 Bg5 16. Ne3 Nf4 17. Bc4 Rb6 18. Qe4 Qd4 19. Bd3 Qxe4 20. Bxe4 Ne2+ 21.
Kh1 Nxc1 22. Raxc1 Rxb2 23. g3 Be7 24. Nd5 Bxa3 25. Nxc7 Bc4 26. Rfe1 Rc8 27.
Nd5 Rb5 28. Rcd1 Rbb8 29. Bf5 Rd8 30. Rxe5 Bb2 31. Ne7+ Kf8 32. Rxd8+ Rxd8 33.
Re1 Ba3 34. Nc8 Bc5 35. Ra1 Bxf2 36. Kg2 Rd2 37. Kf3 Bd5+ 38. Kg4 g6 0-1

[Event "14. Obert Int. Sant Marti 2012"]
[Site "Barcelona ESP"]
[Date "2012.07.21"]
[Round "9.21"]
[White "Ramesa, Marin"]
[Black "Rojas Keim, Luis"]
[Result "0-1"]
[WhiteElo "2214"]
[BlackElo "2426"]
[PlyCount "122"]
[EventDate "2012.07.13"]
[EventType "swiss"]
[EventRounds "9"]
[EventCountry "ESP"]
[SourceTitle "Ajedrez en Madrid"]
[Source "lmi"]
[SourceDate "2012.07.13"]
[SourceVersion "1"]
[SourceVersionDate "2019.06.21"]
[SourceQuality "1"]

1. d4 Nf6 2. Nf3 e6 3. c4 c5 4. d5 d6 5. Nc3 exd5 6. cxd5 g6 7. e4 a6 8. a4 Bg4
9. Be2 Bxf3 10. Bxf3 Bg7 11. Bf4 O-O 12. O-O Qe7 13. Re1 Nbd7 14. a5 Rfb8 15.
Ra3 b5 16. axb6 Rxb6 17. Qa1 Ne8 18. Bg3 Rab8 19. Rb1 Nc7 20. Be2 Bxc3 21. Rxc3
Nxd5 22. exd5 Qxe2 23. b3 Qe4 24. Rd1 Rxb3 25. Rxb3 Rxb3 26. Bxd6 Rb6 27. Re1
Qd4 28. Bc7 Rb2 29. Bg3 Re2 30. Rb1 Qxa1 31. Rxa1 Rd2 32. Kf1 Rxd5 33. Rxa6 f6
34. Rc6 Kf7 35. Ke2 h5 36. h4 Nf8 37. Rc7+ Ke6 38. f3 Kf5 39. Rc6 Ne6 40. Ra6
c4 41. Ra4 c3 42. Bb8 Nd4+ 43. Kd3 c2 44. Rc4 Nc6+ 45. Ke3 Nxb8 46. g4+ Ke6 47.
Rxc2 Nd7 48. Ke4 Nc5+ 49. Kf4 hxg4 50. fxg4 g5+ 51. hxg5 fxg5+ 52. Ke3 Ke5 53.
Rf2 Ke6 54. Rf8 Nd7 55. Re8+ Kf7 56. Ra8 Nf6 57. Ra4 Rb5 58. Kd3 Rb3+ 59. Kd4
Nxg4 60. Ke4 Nf2+ 61. Kf5 Rb5# 0-1

[Event "14. Obert Int. Sant Marti 2012"]
[Site "Barcelona ESP"]
[Date "2012.07.21"]
[Round "9.22"]
[White "Aranda Gonzalez, Jose"]
[Black "Mosquera, Miguel"]
[Result "1-0"]
[WhiteElo "2245"]
[BlackElo "2395"]
[PlyCount "70"]
[EventDate "2012.07.13"]
[EventType "swiss"]
[EventRounds "9"]
[EventCountry "ESP"]
[SourceTitle "Ajedrez en Madrid"]
[Source "lmi"]
[SourceDate "2012.07.13"]
[SourceVersion "1"]
[SourceVersionDate "2019.06.21"]
[SourceQuality "1"]

1. e4 Nf6 2. e5 Nd5 3. d4 d6 4. c4 Nb6 5. exd6 cxd6 6. Nc3 g6 7. Be3 Bg7 8. Rc1
O-O 9. b3 e5 10. dxe5 dxe5 11. Qxd8 Rxd8 12. c5 N6d7 13. Bc4 Nc6 14. Nf3 h6 15.
Nb5 e4 16. Nd2 Nde5 17. Nxe4 Nb4 18. O-O Nxa2 19. Rcd1 Bg4 20. f3 Nxc4 21. bxc4
Be6 22. Nc7 Rac8 23. Nxe6 fxe6 24. Rxd8+ Rxd8 25. Rb1 a5 26. Rxb7 Nb4 27. Rb6
Ra8 28. Bd2 Nd3 29. Rd6 Ne5 30. c6 Nxc4 31. Rd7 Nb6 32. Rb7 a4 33. c7 Be5 34.
Bc3 Bxc7 35. Rxc7 a3 1-0

[Event "14. Obert Int. Sant Marti 2012"]
[Site "Barcelona ESP"]
[Date "2012.07.21"]
[Round "9.23"]
[White "Minguez Rodriguez, Raul"]
[Black "Larduet Despaigne, Carlos"]
[Result "0-1"]
[WhiteElo "2237"]
[BlackElo "2370"]
[PlyCount "116"]
[EventDate "2012.07.13"]
[EventType "swiss"]
[EventRounds "9"]
[EventCountry "ESP"]
[SourceTitle "Ajedrez en Madrid"]
[Source "lmi"]
[SourceDate "2012.07.13"]
[SourceVersion "1"]
[SourceVersionDate "2019.06.21"]
[SourceQuality "1"]

1. e4 c5 2. Nf3 d6 3. d4 cxd4 4. Nxd4 Nf6 5. Nc3 Nc6 6. Bg5 Bd7 7. Qd2 Rc8 8.
O-O-O Nxd4 9. Qxd4 Qa5 10. Bd2 a6 11. a3 Qc5 12. Qxc5 Rxc5 13. f3 g6 14. Be3
Rc8 15. Bd4 Bg7 16. Nd5 e5 17. Nxf6+ Bxf6 18. Be3 Be7 19. h4 h5 20. Be2 Be6 21.
Rd2 Rc6 22. Kb1 b5 23. g3 Bc4 24. Bxc4 Rxc4 25. b3 Rc3 26. Rd3 Rxd3 27. cxd3 f5
28. f4 Kd7 29. Rc1 Rf8 30. b4 exf4 31. Bxf4 fxe4 32. dxe4 Bxh4 33. Rd1 Be7 34.
Bxd6 Rf3 35. Bf4+ Ke6 36. Rc1 g5 37. Rc6+ Kd7 38. Rc7+ Kd8 39. Be5 Rxa3 40. Ra7
Rb3+ 41. Kc2 Rxb4 42. Kd3 Ra4 43. Bb8 Bc5 44. Rg7 Rd4+ 45. Kc2 Rc4+ 46. Kd3
Rd4+ 47. Kc2 Rxe4 48. Rxg5 Rc4+ 49. Kb1 b4 50. Rxh5 a5 51. Rd5+ Kc8 52. Bd6
Bxd6 53. Rxd6 Kb7 54. Rh6 Rc6 55. Rh5 Kb6 56. Kb2 Rf6 57. Rh3 Kb5 58. Rh5+ Ka4
0-1

[Event "14. Obert Int. Sant Marti 2012"]
[Site "Barcelona ESP"]
[Date "2012.07.21"]
[Round "9.24"]
[White "Mestre Bellido, Hector"]
[Black "Deleyn, Gunter"]
[Result "1-0"]
[WhiteElo "2339"]
[BlackElo "2197"]
[PlyCount "61"]
[EventDate "2012.07.13"]
[EventType "swiss"]
[EventRounds "9"]
[EventCountry "ESP"]
[SourceTitle "Ajedrez en Madrid"]
[Source "lmi"]
[SourceDate "2012.07.13"]
[SourceVersion "1"]
[SourceVersionDate "2019.06.21"]
[SourceQuality "1"]

1. e4 g6 2. d4 Bg7 3. Nc3 d6 4. Be3 a6 5. a4 Nf6 6. Bc4 Nc6 7. f3 O-O 8. Nge2
e5 9. Qd2 exd4 10. Nxd4 Ne5 11. Be2 Re8 12. Bg5 c6 13. O-O Qb6 14. Kh1 Qb4 15.
a5 b5 16. Rfd1 Nc4 17. Nxc6 Qc5 18. Bxc4 bxc4 19. Bxf6 Bxf6 20. Qxd6 Qxd6 21.
Rxd6 Bg7 22. Rad1 Be6 23. Na4 Rac8 24. Nd4 Bf8 25. Rxa6 Ra8 26. Rxa8 Rxa8 27.
Nxe6 fxe6 28. Nb6 Rxa5 29. Nxc4 Ra4 30. Ne5 Ra2 31. Nd3 1-0

[Event "14. Obert Int. Sant Marti 2012"]
[Site "Barcelona ESP"]
[Date "2012.07.21"]
[Round "9.25"]
[White "Rodriguez, Eric"]
[Black "Hernandez Moya, Yuleisy"]
[Result "1/2-1/2"]
[WhiteElo "2327"]
[BlackElo "2177"]
[PlyCount "23"]
[EventDate "2012.07.13"]
[EventType "swiss"]
[EventRounds "9"]
[EventCountry "ESP"]
[SourceTitle "Ajedrez en Madrid"]
[Source "lmi"]
[SourceDate "2012.07.13"]
[SourceVersion "1"]
[SourceVersionDate "2019.06.21"]
[SourceQuality "1"]

1. Nf3 f5 2. d4 Nf6 3. Bg5 e6 4. Nbd2 Be7 5. Bxf6 Bxf6 6. e4 fxe4 7. Nxe4 O-O
8. Bd3 b6 9. Qe2 Bb7 10. O-O-O a5 11. Kb1 c5 12. c3 1/2-1/2

[Event "14. Obert Int. Sant Marti 2012"]
[Site "Barcelona ESP"]
[Date "2012.07.21"]
[Round "9.26"]
[White "Napoli, Nicolo'"]
[Black "Shatko, Danil"]
[Result "1/2-1/2"]
[WhiteElo "2298"]
[BlackElo "2143"]
[PlyCount "101"]
[EventDate "2012.07.13"]
[EventType "swiss"]
[EventRounds "9"]
[EventCountry "ESP"]
[SourceTitle "Ajedrez en Madrid"]
[Source "lmi"]
[SourceDate "2012.07.13"]
[SourceVersion "1"]
[SourceVersionDate "2019.06.21"]
[SourceQuality "1"]

1. e4 e6 2. Qe2 b6 3. Nf3 Bb7 4. g3 d5 5. exd5 Bxd5 6. Bg2 Nf6 7. O-O Be7 8. d4
O-O 9. Rd1 Nbd7 10. c4 Bb7 11. Nc3 c5 12. d5 exd5 13. cxd5 Re8 14. Qc2 Bd6 15.
Nh4 a6 16. a4 Nf8 17. Nf5 Ng6 18. Bg5 Bc8 19. Nxd6 Qxd6 20. Bxf6 gxf6 21. a5
Rd8 22. Ne4 Bf5 23. Nxd6 Bxc2 24. Rd2 Rxd6 25. Rxc2 Rc8 26. Rac1 Ne5 27. Be4
Nd7 28. b4 Re8 29. axb6 Rxe4 30. bxc5 Nxc5 31. Rxc5 Rb4 32. Rc6 Rxb6 33. Rxb6
Rxb6 34. Rc6 Rb1+ 35. Kg2 Rd1 36. Rxf6 Rxd5 37. Rxa6 Kg7 38. g4 h6 39. Kg3 Rb5
40. Ra3 Rc5 41. Rf3 Kg6 42. Kh4 Ra5 43. Rf5 Ra3 44. f4 Ra4 45. Kg3 Ra3+ 46. Kg2
Ra2+ 47. Kf3 Ra3+ 48. Ke4 Ra4+ 49. Kd3 Ra3+ 50. Ke4 Ra4+ 51. Kf3 1/2-1/2

[Event "14. Obert Int. Sant Marti 2012"]
[Site "Barcelona ESP"]
[Date "2012.07.21"]
[Round "9.27"]
[White "Krishna, C R G.."]
[Black "Chakravarthi, Y V K.."]
[Result "1/2-1/2"]
[WhiteElo "2273"]
[BlackElo "2053"]
[PlyCount "174"]
[EventDate "2012.07.13"]
[EventType "swiss"]
[EventRounds "9"]
[EventCountry "ESP"]
[SourceTitle "Ajedrez en Madrid"]
[Source "lmi"]
[SourceDate "2012.07.13"]
[SourceVersion "1"]
[SourceVersionDate "2019.06.21"]
[SourceQuality "1"]

1. d4 d5 2. c4 c6 3. Nf3 Nf6 4. e3 a6 5. Bd3 Bg4 6. Nbd2 e6 7. Qc2 Nbd7 8. b3
Bd6 9. Bb2 Qe7 10. Ne5 Bh5 11. O-O Ba3 12. Bxa3 Qxa3 13. Nxd7 Nxd7 14. b4 a5
15. b5 Qd6 16. c5 Qc7 17. bxc6 bxc6 18. f4 Bg6 19. Rab1 O-O 20. Bxg6 hxg6 21.
Rb3 Rfb8 22. Rfb1 Rxb3 23. Rxb3 Rb8 24. Qc3 a4 25. Rb4 Qa7 26. a3 Rxb4 27. Qxb4
Qa6 28. Kf2 Qd3 29. Nf3 Qa6 30. h3 f6 31. Ng1 Kf7 32. Ne2 f5 33. Ng1 Nf6 34.
Nf3 Ne4+ 35. Ke1 Ng3 36. Kf2 Ne4+ 37. Ke1 Ng3 38. Kf2 Ne4+ 39. Kg1 Qe2 40. Qe1
Qxe1+ 41. Nxe1 Nd2 42. Kf2 Kf6 43. h4 Ne4+ 44. Ke2 Nc3+ 45. Kd3 Nb5 46. Nc2 Ke7
47. Nb4 Kd7 48. Na2 Nxa3 49. Nc3 Nc4 50. Nxa4 Kc7 51. Nc3 Kd7 52. Nd1 Ke7 53.
Nf2 Nb2+ 54. Ke2 Kf6 55. Kf3 Ke7 56. Kg3 Kf6 57. Nh3 Nc4 58. Kf2 Nb2 59. Ng5
Nc4 60. Nf3 Kf7 61. Ne1 Kf6 62. Nd3 Kf7 63. Nb4 Na5 64. Kf3 Ke7 65. Kg3 Kf6 66.
Nd3 Nc4 67. Ne5 Nxe3 68. Nxc6 Nc4 69. Kf3 Na3 70. Nb4 Ke7 71. Ke2 Nb5 72. Kd3
Kd7 73. Nc2 Kc6 74. Ne1 Na3 75. Nf3 Nc4 76. Ne5+ Nxe5+ 77. fxe5 g5 78. hxg5 g6
79. Kc3 Kb5 80. c6 Kb6 81. Kb4 Kxc6 82. Ka5 Kb7 83. Ka4 Kb6 84. Kb4 f4 85. Ka4
Ka6 86. Kb4 Kb6 87. Ka4 Ka6 1/2-1/2

[Event "14. Obert Int. Sant Marti 2012"]
[Site "Barcelona ESP"]
[Date "2012.07.21"]
[Round "9.28"]
[White "Montalban Galvez, Antoni"]
[Black "Vigoa Apecheche, Yanira"]
[Result "1/2-1/2"]
[WhiteElo "2204"]
[BlackElo "2269"]
[PlyCount "57"]
[EventDate "2012.07.13"]
[EventType "swiss"]
[EventRounds "9"]
[EventCountry "ESP"]
[SourceTitle "Ajedrez en Madrid"]
[Source "lmi"]
[SourceDate "2012.07.13"]
[SourceVersion "1"]
[SourceVersionDate "2019.06.21"]
[SourceQuality "1"]

1. Nf3 c5 2. c4 Nc6 3. g3 g6 4. Bg2 Bg7 5. Nc3 d6 6. d3 e5 7. O-O Nge7 8. Bd2
O-O 9. a3 Rb8 10. Rb1 a5 11. Ne1 Be6 12. Nc2 Nd4 13. b4 axb4 14. axb4 cxb4 15.
Nxb4 Bg4 16. Nc2 Qd7 17. Re1 h5 18. h4 Bh3 19. Bh1 Nef5 20. Ne3 Nxe3 21. Bxe3
f5 22. f4 exf4 23. Bxf4 Bg4 24. Qd2 Rfe8 25. Rb6 Nc6 26. e3 Ne5 27. Nd5 Kh7 28.
Reb1 Rf8 29. Kf2 1/2-1/2

[Event "14. Obert Int. Sant Marti 2012"]
[Site "Barcelona ESP"]
[Date "2012.07.21"]
[Round "9.29"]
[White "Tomov, Georgi"]
[Black "Kopaloff, Nick"]
[Result "1-0"]
[WhiteElo "2263"]
[BlackElo "2075"]
[PlyCount "87"]
[EventDate "2012.07.13"]
[EventType "swiss"]
[EventRounds "9"]
[EventCountry "ESP"]
[SourceTitle "Ajedrez en Madrid"]
[Source "lmi"]
[SourceDate "2012.07.13"]
[SourceVersion "1"]
[SourceVersionDate "2019.06.21"]
[SourceQuality "1"]

1. d4 Nf6 2. c4 e5 3. dxe5 Ng4 4. Bf4 Nc6 5. Nf3 Bb4+ 6. Nc3 Qe7 7. Qd5 Bxc3+
8. bxc3 f6 9. exf6 Nxf6 10. Qd3 d6 11. g3 O-O 12. Bg2 Kh8 13. O-O Ne4 14. Qe3
Nc5 15. Qxe7 Nxe7 16. Nd4 Ng6 17. e3 Bd7 18. Nb3 Na4 19. Rac1 Rab8 20. Rfd1 Bc6
21. Bxc6 bxc6 22. c5 Nxf4 23. gxf4 d5 24. Rd2 Rf6 25. Rcc2 Rg6+ 26. Kf1 Re6 27.
Rd4 Re4 28. f3 Rxd4 29. cxd4 Rb4 30. Ke2 Rb5 31. f5 Kg8 32. e4 Kf7 33. e5 h6
34. h4 Ke7 35. Kd3 Kf7 36. Rg2 Kf8 37. Rg6 Nb2+ 38. Kc3 Nc4 39. f6 a5 40. fxg7+
Kg8 41. a4 Rb4 42. Nxa5 Rxa4 43. Nxc6 Ra3+ 44. Kb4 1-0

[Event "14. Obert Int. Sant Marti 2012"]
[Site "Barcelona ESP"]
[Date "2012.07.21"]
[Round "9.30"]
[White "Paljusaj, Edmond"]
[Black "Garcia Castellote, Oscar"]
[Result "1-0"]
[WhiteElo "2334"]
[BlackElo "2088"]
[PlyCount "43"]
[EventDate "2012.07.13"]
[EventType "swiss"]
[EventRounds "9"]
[EventCountry "ESP"]
[SourceTitle "Ajedrez en Madrid"]
[Source "lmi"]
[SourceDate "2012.07.13"]
[SourceVersion "1"]
[SourceVersionDate "2019.06.21"]
[SourceQuality "1"]

1. e4 c5 2. Nf3 Nc6 3. d4 cxd4 4. Nxd4 g6 5. c4 Bg7 6. Be3 Nf6 7. Nc3 Ng4 8.
Qxg4 Nxd4 9. Qd1 e5 10. Qd2 O-O 11. h4 d6 12. h5 Be6 13. Bd3 Rc8 14. b3 a6 15.
Ne2 Nxe2 16. Bxe2 Qe7 17. Rd1 b5 18. hxg6 hxg6 19. Bh6 Rc7 20. Bxg7 Kxg7 21.
Qh6+ Kf6 22. Rd3 1-0

[Event "14. Obert Int. Sant Marti 2012"]
[Site "Barcelona ESP"]
[Date "2012.07.21"]
[Round "9.31"]
[White "Mamedjarova, Zeinab"]
[Black "Diaz-flores Garcia, Pablo"]
[Result "1-0"]
[WhiteElo "2307"]
[BlackElo "2018"]
[PlyCount "85"]
[EventDate "2012.07.13"]
[EventType "swiss"]
[EventRounds "9"]
[EventCountry "ESP"]
[SourceTitle "Ajedrez en Madrid"]
[Source "lmi"]
[SourceDate "2012.07.13"]
[SourceVersion "1"]
[SourceVersionDate "2019.06.21"]
[SourceQuality "1"]

1. d4 Nf6 2. Nf3 c5 3. e3 g6 4. Be2 Bg7 5. O-O O-O 6. c4 d6 7. Nc3 Nc6 8. d5
Nb4 9. a3 Na6 10. e4 Bd7 11. h3 Nc7 12. a4 a6 13. Be3 Rb8 14. a5 b5 15. axb6
Rxb6 16. Ra2 Qb8 17. Qd2 e5 18. Nxe5 Nxe4 19. Nxe4 Bxe5 20. Bh6 Bg7 21. h4 Ne8
22. Bxg7 Kxg7 23. h5 h6 24. Qc3+ Kh7 25. Re1 Rb3 26. Nf6+ Nxf6 27. Qxf6 Bf5 28.
Bd1 Rb7 29. Rxa6 Qd8 30. Qxd6 Qxd6 31. Rxd6 Rxb2 32. hxg6+ Bxg6 33. Ba4 Ra8 34.
Bb5 Raa2 35. Rf6 Kg7 36. Rf4 Rd2 37. Re7 Ra1+ 38. Kh2 Raa2 39. Kg3 Ra3+ 40. Rf3
Rxf3+ 41. Kxf3 Kf6 42. Ke3 Rc2 43. Rc7 1-0

[Event "14. Obert Int. Sant Marti 2012"]
[Site "Barcelona ESP"]
[Date "2012.07.21"]
[Round "9.32"]
[White "Dave, Dhyani"]
[Black "Zsinka, Laszlo"]
[Result "0-1"]
[WhiteElo "2170"]
[BlackElo "2291"]
[PlyCount "130"]
[EventDate "2012.07.13"]
[EventType "swiss"]
[EventRounds "9"]
[EventCountry "ESP"]
[SourceTitle "Ajedrez en Madrid"]
[Source "lmi"]
[SourceDate "2012.07.13"]
[SourceVersion "1"]
[SourceVersionDate "2019.06.21"]
[SourceQuality "1"]

1. e4 e5 2. Nf3 Nc6 3. Bc4 Nf6 4. d3 Be7 5. O-O O-O 6. Bb3 d6 7. c3 Na5 8. Bc2
c5 9. a3 Nc6 10. b4 a6 11. Nbd2 Qc7 12. Re1 h6 13. Bb2 Bg4 14. h3 Bh5 15. Rc1
Rfe8 16. Nf1 Nh7 17. g4 Bg6 18. Ng3 Ng5 19. Nxg5 Bxg5 20. Rb1 Nd8 21. Nf5 Ne6
22. Bb3 Rad8 23. Qf3 b5 24. h4 Bf4 25. Rbd1 Bh7 26. Bd5 g6 27. Ne3 Qe7 28. Ng2
g5 29. h5 Nc7 30. Bb3 Kg7 31. Ne3 Qf6 32. Qg2 Qe7 33. Rf1 f6 34. Qf3 Qd7 35.
Nd5 Nxd5 36. Bxd5 Qc7 37. Rfe1 Qc8 38. Re2 Bg8 39. Bxg8 Kxg8 40. bxc5 Qxc5 41.
d4 Qc4 42. Ree1 a5 43. Rd3 Qc8 44. Bc1 d5 45. Bxf4 exf4 46. e5 f5 47. gxf5 Qxf5
48. Qe2 Re6 49. f3 Kh8 50. Rd2 Qh3 51. Rf1 Qxh5 52. Qxb5 g4 53. Rh2 Qg5 54.
fxg4 Qxg4+ 55. Rg2 Qf5 56. Qb1 Rf8 57. Qb7 Rg6 58. Qxd5 Rfg8 59. Rff2 f3 60.
Qxg8+ Rxg8 61. Rxg8+ Kxg8 62. Rh2 Qe4 63. Kf2 h5 64. Rh3 Qe2+ 65. Kg3 Qg2+ 0-1

[Event "14. Obert Int. Sant Marti 2012"]
[Site "Barcelona ESP"]
[Date "2012.07.21"]
[Round "9.34"]
[White "Porta Tovar, Guillem"]
[Black "Lacasta Palacio, Joaquim"]
[Result "0-1"]
[WhiteElo "1846"]
[BlackElo "2195"]
[PlyCount "56"]
[EventDate "2012.07.13"]
[EventType "swiss"]
[EventRounds "9"]
[EventCountry "ESP"]
[SourceTitle "Ajedrez en Madrid"]
[Source "lmi"]
[SourceDate "2012.07.13"]
[SourceVersion "1"]
[SourceVersionDate "2019.06.21"]
[SourceQuality "1"]

1. e4 c5 2. Nf3 Nc6 3. d4 cxd4 4. Nxd4 e6 5. Nc3 Qc7 6. Be3 Nf6 7. Bd3 a6 8.
O-O Nxd4 9. Bxd4 Bc5 10. Bxc5 Qxc5 11. Kh1 d6 12. f4 e5 13. Na4 Qc7 14. c4 Bd7
15. Nc3 Bc6 16. Nd5 Bxd5 17. exd5 e4 18. Re1 O-O 19. Bf1 Qc5 20. a4 Rfe8 21.
Ra3 Qf2 22. Qc1 Re7 23. Rae3 Qxf4 24. g3 Qh6 25. Qc2 Rae8 26. Qg2 Ng4 27. R3e2
f5 28. b3 Qf6 0-1

[Event "14. Obert Int. Sant Marti 2012"]
[Site "Barcelona ESP"]
[Date "2012.07.21"]
[Round "9.36"]
[White "Espinoza Palomino, Willyam"]
[Black "Ezquerro Luque, Albert"]
[Result "1-0"]
[WhiteElo "2296"]
[BlackElo "2041"]
[PlyCount "49"]
[EventDate "2012.07.13"]
[EventType "swiss"]
[EventRounds "9"]
[EventCountry "ESP"]
[SourceTitle "Ajedrez en Madrid"]
[Source "lmi"]
[SourceDate "2012.07.13"]
[SourceVersion "1"]
[SourceVersionDate "2019.06.21"]
[SourceQuality "1"]

1. e4 e5 2. Nf3 Nc6 3. Bb5 g6 4. d4 exd4 5. Bg5 f6 6. Bh4 Bb4+ 7. Nbd2 Nh6 8.
Qe2 g5 9. Bg3 Nf7 10. O-O-O h5 11. h3 Nce5 12. Nxd4 c6 13. Bc4 d6 14. N2b3 Qe7
15. a3 Bc5 16. Nxc5 dxc5 17. Nf5 Bxf5 18. exf5 Nxc4 19. Qxc4 O-O 20. Bd6 Qd8
21. Bxf8 Qxf8 22. Rd7 Rd8 23. Rhd1 Rxd7 24. Rxd7 Qe8 25. Qe6 1-0